| Tag |
First Indicator |
Second Indicator |
Subfields |
| LEADER |
00000cam a22000001a 4500 |
| 001 |
in00003265441 |
| 005 |
20190404194301.0 |
| 006 |
m d f |
| 007 |
cr bn mmmapmmp |
| 008 |
090922s2001 dcua ob f000 0 eng d |
| 035 |
|
|
|a cis2007473608
|
| 040 |
|
|
|a UMI
|c UMI
|d UtOrBLW
|
| 043 |
|
|
|a n-us---
|
| 074 |
|
|
|a 1013-C
|
| 074 |
|
|
|a 1013-C (online)
|
| 074 |
|
|
|a 1013-D (MF)
|
| 074 |
|
|
|a 1013-D (online)
|
| 086 |
0 |
|
|a Y 4.F 49/20:107-32
|
| 088 |
|
|
|a Serial no. 107-32 (United States. Congress. House. Committee on Financial Services)
|
| 099 |
|
|
|a HRG-2001-HFS-0008
|
| 110 |
1 |
|
|a United States.
|b Congress.
|b House.
|b Committee on Financial Services.
|b Subcommittee on Capital Markets, Insurance, and Government Sponsored Enterprises.
|
| 245 |
1 |
0 |
|a Reforming Fannie Mae and Freddie Mac :
|b hearing before the Subcommittee on Capital Markets, Insurance, and Government Sponsored Enterprises of the Committee on Financial Services, U.S. House of Representatives, One Hundred Seventh Congress, first session, July 11, 2001.
|
| 264 |
|
1 |
|a Washington :
|b U.S. G.P.O. :
|c 2001.
|
| 264 |
|
2 |
|a Washington :
|b For sale by the Supt. of Docs., U.S. G.P.O., [Congressional Sales Office],
|
| 300 |
|
|
|a 1 online resource.
|
| 336 |
|
|
|a text
|b txt
|2 rdacontent
|
| 337 |
|
|
|a computer
|b c
|2 rdamedia
|
| 338 |
|
|
|a online resource
|b cr
|2 rdacarrier
|
| 500 |
|
|
|a Record is based on bibliographic data in ProQuest Congressional Hearings Digital Collection. Reuse except for individual research requires license from ProQuest, LLC.
|
| 504 |
|
|
|a Includes bibliographical references.
|
| 530 |
|
|
|a Also available via Internet from the GPO Access web site. Addresses as of 4/4/02: http://frwebgate.access.gpo.gov/cgi -bin/getdoc.cgi?dbname=107 house hearings&docid=f:74101.wais (text version), http://frwebgate.access.gpo.gov/cgi-bin/getdoc.cgi?dbname=107 house hearings&docid=f:74101.pdf (PDF version); current access is available via PURLs.
|
| 538 |
|
|
|a System requirements: PDF reader software.
|
| 500 |
|
|
|a Electronic resource.
|
| 610 |
2 |
0 |
|a Federal National Mortgage Association
|x Finance.
|
| 610 |
2 |
0 |
|a Federal Home Loan Mortgage Corporation
|x Finance.
|
| 650 |
|
0 |
|a Government-sponsored enterprises
|z United States
|x Finance.
|
| 655 |
|
7 |
|a Electronic books.
|2 local
|
| 710 |
2 |
|
|a ProQuest (Firm)
|
| 776 |
0 |
8 |
|i Print version:
|a United States. Congress. House. Committee on Financial Services. Subcommittee on Capital Markets, Insurance, and Government Sponsored Enterprises.
|t Reforming Fannie Mae and Freddie Mac
|w (GPO)apn2002-012195
|w (DGPO)99093688
|
| 776 |
0 |
8 |
|i Microfiche version:
|a United States. Congress. House. Committee on Financial Services. Subcommittee on Capital Markets, Insurance, and Government Sponsored Enterprises.
|t Reforming Fannie Mae and Freddie Mac.
|d [Bethesda, Md.] : ProQuest,[2004]
|o CIS 2002 H371-17
|w (ProQuest)cis00200452
|
| 830 |
|
0 |
|a U.S. Congressional Hearings.
|
| 856 |
4 |
0 |
|u http://proxy.library.tamu.edu/login?url=http://congressional.proquest.com/congcomp/getdoc?HEARING-ID=HRG-2001-HFS-0008
|z Connect to the full text of this electronic book
|t 0
|
| 998 |
|
|
|a cis00200452
|
| 999 |
|
|
|a MARS
|
| 999 |
f |
f |
|s 967b7ab7-9645-3354-a35e-c91afe7c8ff0
|i 847fa80f-3f9f-3392-819e-eb457e0e007a
|t 0
|
| 952 |
f |
f |
|a Texas A&M University
|b College Station
|c Electronic Resources
|d Available Online
|t 0
|e HRG-2001-HFS-0008
|h Other scheme
|
| 998 |
f |
f |
|a HRG-2001-HFS-0008
|t 0
|l Available Online
|